书目信息 |
| 题名: |
李世民评传
|
|
| 作者: | 郑学檬 著 | |
| 分册: | ||
| 出版信息: | 南京 南京大学出版社 2011.4 |
|
| 页数: | 390页 | |
| 开本: | 23cm | |
| 丛书名: | 中国思想家评传丛书 | |
| 单 册: | ||
| 中图分类: | K827=421 | |
| 科图分类: | ||
| 主题词: | ||
| 电子资源: | ||
| ISBN: | 978-7-305-05998-8 | |
| 000 | 00923oam2 2200265 45 | |
| 001 | 515 | |
| 005 | 20120604085916.39 | |
| 010 | @a978-7-305-05998-8@dCNY50.00 | |
| 100 | @a20120328d2011 em y0chiy0120 ea | |
| 101 | 0 | @achi@deng@eeng |
| 102 | @aCN@b320000 | |
| 105 | @ay z 001yb | |
| 106 | @ar | |
| 200 | 1 | @a李世民评传@ALi Shi Min Ping Chuan@f郑学檬[等]著@FZheng Xue Meng [ Deng ] Zhu |
| 210 | @a南京@c南京大学出版社@d2011.4 | |
| 215 | @a390页@d23cm | |
| 225 | 2 | @a中国思想家评传丛书@e典藏版 |
| 330 | @a本书在简要叙述唐太宗李世民生平的基础上,对存在于其治国实践中的哲学、政治、人才、军事、民族思想进行了详细的剖析,并对其思想的历史影响作了扼要介绍。 | |
| 461 | 0 | @12001 @a中国思想家评传丛书@e典藏版 |
| 600 | 0 | @a李世民@f(599-649)@x评传 |
| 600 | 0 | @a李世民@f(599-649) |
| 690 | @aK827=421@v5 | |
| 701 | 0 | @a郑学檬@AZheng Xue Meng@4著 |
| 801 | 0 | @aCN@bTSTCL@c20120328 |
| 905 | @b0814886-88@dK827=421@e48ZX@f3 | |
| 李世民评传/郑学檬[等]著.-南京:南京大学出版社,2011.4 |
| 390页;23cm.-(中国思想家评传丛书:典藏版) |
| ISBN 978-7-305-05998-8:CNY50.00 |
| 本书在简要叙述唐太宗李世民生平的基础上,对存在于其治国实践中的哲学、政治、人才、军事、民族思想进行了详细的剖析,并对其思想的历史影响作了扼要介绍。 |
| ● |
| 相关链接 |
|
|
|
|
正题名:李世民评传
索取号:K827=421/48ZX
 
预约/预借
| 序号 | 登录号 | 条形码 | 馆藏地/架位号 | 状态 | 备注 |
| 1 | 0814886 | 208148869 | 第二样本阅览室/ [索取号:K827=421/48ZX] | 在馆 | |
| 2 | 0814887 | 208148878 | 第二借阅区/ [索取号:K827=421/48ZX] | 在馆 | |
| 3 | 0814888 | 208148887 | 第二借阅区/ [索取号:K827=421/48ZX] | 在馆 |